El Carmen de la Victoria (Record no. 178858)

MARC details
000 -LEADER
campo de control de longitud fija 01098nam a2200277 i 4500
001 - NÚMERO DE CONTROL
campo de control 178858
003 - IDENTIFICADOR DE NÚMERO DE CONTROL
campo de control ES-MaACL
005 - FECHA Y HORA DE LA ÚLTIMA TRANSACCIÓN
campo de control 20230911122943.0
008 - DATOS DE LONGITUD FIJA--INFORMACIÓN GENERAL
campo de control de longitud fija 110720s2000 sp aeo |||| |dspa d
020 ## - NÚMERO INTERNACIONAL ESTÁNDAR DEL LIBRO
Número Internacional Estándar del Libro 84-338-2571-2
080 ## - NÚMERO DE LA CLASIFICACIÓN DECIMAL UNIVERSAL
Número de la Clasificación Decimal Universal 712.25(460.357 G.)
100 1# - ENTRADA PRINCIPAL--NOMBRE DE PERSONA
Nombre de persona Tito Rojo, José.
9 (RLIN) 147397
245 13 - MENCIÓN DEL TÍTULO
Título El Carmen de la Victoria
Resto del título : un jardín regionalista en el contexto de la historia de los Cármenes de Granada /
Mención de responsabilidad, etc. José Tito Rojo, Manuel Casares Porcel.
260 ## - PUBLICACIÓN, DISTRIBUCIÓN, ETC.
Lugar de publicación, distribución, etc. Granada :
Nombre del editor, distribuidor, etc. Editorial Universidad de Granada,
Fecha de publicación, distribución, etc. [2000]
300 ## - DESCRIPCIÓN FÍSICA
Extensión 184 p., [4] h. pleg. de lám. planos :
Otras características físicas il. col. y n., fot., planos ;
Dimensiones 24 cm +
Material acompañante/anejo [1] h. pleg. de lám.
490 1# - MENCIÓN DE SERIE
Mención de serie Historia y patrimonio ;
Designación de volumen o secuencia 9
504 ## - NOTA DE BIBLIOGRAFÍA, ETC.
Nota de bibliografía, etc. Bibliografía: p. 175-179.
650 #7 - PUNTO DE ACCESO ADICIONAL DE MATERIA--TÉRMINO DE MATERIA
Término de materia o nombre geográfico como elemento de entrada Jardines-
Subdivisión geográfica Granada.
9 (RLIN) 147398
650 #4 - PUNTO DE ACCESO ADICIONAL DE MATERIA--TÉRMINO DE MATERIA
Término de materia o nombre geográfico como elemento de entrada Jardines botánicos-
Subdivisión geográfica España.
9 (RLIN) 141829
700 1# - ENTRADA AGREGADA--NOMBRE PERSONAL
Nombre de persona Casares, Manuel.
9 (RLIN) 147399
710 2# - ENTRADA AGREGADA--NOMBRE DE ENTIDAD CORPORATIVA
Nombre de entidad corporativa o nombre de jurisdicción como elemento de entrada Universidad de Granada.
9 (RLIN) 7176
830 0# - PUNTO DE ACCESO ADICIONAL DE SERIE-TÍTULO UNIFORME
Título uniforme Historia y patrimonio ;
Designación de volumen o secuencia 9
9 (RLIN) 224357
852 ## - LOCALIZACIÓN
Ubicación ES-MaACL
itemnumber 185723
Sublocalización o colección R.145966
Número de control de estantería A-11369
Signatura antigua Olim: N-4373
Ubicación en estantería Depósito 1
942 ## - ELEMENTOS DE ENTRADA SECUNDARIOS (KOHA)
Fuente del sistema de clasificación o colocación Clasificación decimal universal
Holdings
Estatus retirado Estado de pérdida Fuente del sistema de clasificación o colocación Estado de daño No para préstamo Biblioteca de origen Biblioteca actual Ubicación en estantería Fecha de adquisición Fuente de adquisición Total de préstamos Signatura topográfica completa Código de barras Visto por última vez Precio de reemplazo Tipo de ítem Koha
    Clasificación decimal universal     Biblioteca del Ateneo de Madrid Biblioteca del Ateneo de Madrid Depósito 1 20/07/2011 Donación   A-11369 1187878 23/02/2023 23/02/2023 Libro impreso